Zodpovednosť platforiem vyplývajúca z ich postavenia ako zmluvnej strany, sprostredkovateľa a sekundárne zodpovedného subjektu

Problematika vyvodenia zodpovednosti sprostredkovateľskej platformy v rámci jej postavenia ako „sprostredkovateľa“ v tom najširšom slova zmysle v trojstrannom vzťahu platformy, dodávateľa a koncového príjemcu služieb alebo tovaru. Vymedzenie, v ktorých prípadoch, za splnenia akých podmienok a v akom...

Descrizione completa

Salvato in:
Dettagli Bibliografici
Autore principale: Novotná, Marianna
Altri autori: Hulmák, Milan
Natura: Capitolo di libro
Lingua:slovacco
Soggetti:
Tags: Aggiungi Tag
Nessun Tag, puoi essere il primo ad aggiungerne!!

MARC

LEADER 00000naa a2200000 4500
001 0272160
005 20210223124923.1
041 0 |a slo 
044 |a SK 
245 1 0 |a Zodpovednosť platforiem vyplývajúca z ich postavenia ako zmluvnej strany, sprostredkovateľa a sekundárne zodpovedného subjektu  |c Marianna Novotná, Milan Hulmák 
520 |a Problematika vyvodenia zodpovednosti sprostredkovateľskej platformy v rámci jej postavenia ako „sprostredkovateľa“ v tom najširšom slova zmysle v trojstrannom vzťahu platformy, dodávateľa a koncového príjemcu služieb alebo tovaru. Vymedzenie, v ktorých prípadoch, za splnenia akých podmienok a v akom rozsahu a postavení zodpovedá (mala by zodpovedať) platforma aj za plnenie, ktoré je poskytované dodávateľom. 
610 2 0 |a sprostredkovatelia 
610 2 0 |a právo občianske 
610 2 0 |a zmluvy 
610 2 0 |a zodpovednosť 
610 2 0 |a dodávatelia 
100 1 |a Novotná, Marianna 
700 1 |a Hulmák, Milan